<?xml version="1.0" encoding="UTF-8"?>
<record
    xmlns:xsi="http://www.w3.org/2001/XMLSchema-instance"
    xsi:schemaLocation="http://www.loc.gov/MARC21/slim http://www.loc.gov/standards/marcxml/schema/MARC21slim.xsd"
    xmlns="http://www.loc.gov/MARC21/slim">

  <leader>02977cam a2200409 i 4500</leader>
  <controlfield tag="001">22259666</controlfield>
  <controlfield tag="003">NUST</controlfield>
  <controlfield tag="005">20240311101312.0</controlfield>
  <controlfield tag="006">m    |o  d |      </controlfield>
  <controlfield tag="007">cr_|||||||||||</controlfield>
  <controlfield tag="008">210923s2022    enk     ob    001 0 eng  </controlfield>
  <datafield tag="010" ind1=" " ind2=" ">
    <subfield code="a">  2021046345</subfield>
  </datafield>
  <datafield tag="020" ind1=" " ind2=" ">
    <subfield code="a">9780367511463</subfield>
  </datafield>
  <datafield tag="020" ind1=" " ind2=" ">
    <subfield code="a">9781003052623</subfield>
    <subfield code="q">(ebook)</subfield>
  </datafield>
  <datafield tag="038" ind1=" " ind2=" ">
    <subfield code="a">Malang Jan</subfield>
  </datafield>
  <datafield tag="040" ind1=" " ind2=" ">
    <subfield code="a">DLC</subfield>
    <subfield code="b">eng</subfield>
    <subfield code="c">DLC</subfield>
    <subfield code="e">rda</subfield>
    <subfield code="d">DLC</subfield>
  </datafield>
  <datafield tag="042" ind1=" " ind2=" ">
    <subfield code="a">pcc</subfield>
  </datafield>
  <datafield tag="050" ind1="0" ind2="0">
    <subfield code="a">NA2705</subfield>
  </datafield>
  <datafield tag="082" ind1="0" ind2="0">
    <subfield code="a">720.284</subfield>
    <subfield code="2">23</subfield>
    <subfield code="b">ROU</subfield>
  </datafield>
  <datafield tag="245" ind1="0" ind2="4">
    <subfield code="a">The Routledge companion to architectural drawings and models :</subfield>
    <subfield code="b">from translating to archiving, collecting and displaying /</subfield>
    <subfield code="c">edited by Federica Goffi.</subfield>
  </datafield>
  <datafield tag="264" ind1=" " ind2="1">
    <subfield code="a">Abingdon, Oxon ;</subfield>
    <subfield code="a">New York :</subfield>
    <subfield code="b">Routledge,</subfield>
    <subfield code="c">2022.</subfield>
  </datafield>
  <datafield tag="300" ind1=" " ind2=" ">
    <subfield code="a">512p.:</subfield>
    <subfield code="b">ill;</subfield>
  </datafield>
  <datafield tag="336" ind1=" " ind2=" ">
    <subfield code="a">text</subfield>
    <subfield code="b">txt</subfield>
    <subfield code="2">rdacontent</subfield>
  </datafield>
  <datafield tag="337" ind1=" " ind2=" ">
    <subfield code="a">computer</subfield>
    <subfield code="b">c</subfield>
    <subfield code="2">rdamedia</subfield>
  </datafield>
  <datafield tag="338" ind1=" " ind2=" ">
    <subfield code="a">online resource</subfield>
    <subfield code="b">cr</subfield>
    <subfield code="2">rdacarrier</subfield>
  </datafield>
  <datafield tag="504" ind1=" " ind2=" ">
    <subfield code="a">Includes bibliographical references and index.</subfield>
  </datafield>
  <datafield tag="505" ind1="0" ind2=" ">
    <subfield code="a">Drawing sites/Sites of knowledge construction -- The afterlife of drawings and models -- Tools of making and knowledge construction -- The ethical responsibilities of collecting and archiving.</subfield>
  </datafield>
  <datafield tag="520" ind1=" " ind2=" ">
    <subfield code="a">"Architectural drawings and models are instruments of imagination, communication, and historical continuity. The role of drawings and models, their ownership, placement, and authorship in a ubiquitous digital age deserves careful consideration. Expanding on the well-established discussion of the translation from drawings to buildings, this book fills a lacuna in current scholarly publications, questioning the significance of the lives of drawings and models after construction. Including emerging, well-known and world-renowned scholars in the fields of architectural history and theory and curatorial practices, the 35 contributions define recent research in four key areas: Drawing Sites/Sites of Knowledge Construction: Drawing, Office, Construction Site; The Afterlife of Drawings and Models: Archiving, Collecting, Displaying and Exhibiting; Tools of Making: Architectural Representations and their Apparatus Over Time; The Ethical Responsibilities of Collecting and Archiving: Authorship, Ownership, Copyrights, and Rights to Copy. The research covers a wide range of geographies and delves into the practices of such architects as Sir John Soane, Superstudio, Viollet-le-Duc, Frank Lloyd Wright, Wajiro Kon, Germ&#xE1;n Samper Gnecco, A+PS, Mies van der Rohe and Renzo Piano"--</subfield>
    <subfield code="c">Provided by publisher.</subfield>
  </datafield>
  <datafield tag="588" ind1=" " ind2=" ">
    <subfield code="a">Description based on print version record and CIP data provided by publisher.</subfield>
  </datafield>
  <datafield tag="650" ind1=" " ind2="0">
    <subfield code="a">Architectural drawing.</subfield>
    <subfield code="9">25520</subfield>
  </datafield>
  <datafield tag="650" ind1=" " ind2="0">
    <subfield code="a">Architectural models.</subfield>
    <subfield code="9">45108</subfield>
  </datafield>
  <datafield tag="700" ind1="1" ind2=" ">
    <subfield code="a">Goffi, Federica,</subfield>
    <subfield code="e">editor.</subfield>
    <subfield code="9">122051</subfield>
  </datafield>
  <datafield tag="776" ind1="0" ind2="8">
    <subfield code="i">Print version:</subfield>
    <subfield code="t">Routledge companion to architectural drawings and models</subfield>
    <subfield code="d">Abingdon, Oxon ; New York : Routledge, 2022</subfield>
    <subfield code="z">9780367511463</subfield>
    <subfield code="w">(DLC) 2021046344</subfield>
  </datafield>
  <datafield tag="906" ind1=" " ind2=" ">
    <subfield code="a">7</subfield>
    <subfield code="b">cbc</subfield>
    <subfield code="c">orignew</subfield>
    <subfield code="d">1</subfield>
    <subfield code="e">ecip</subfield>
    <subfield code="f">20</subfield>
    <subfield code="g">y-gencatlg</subfield>
  </datafield>
  <datafield tag="942" ind1=" " ind2=" ">
    <subfield code="2">ddc</subfield>
    <subfield code="c">BK</subfield>
  </datafield>
  <datafield tag="999" ind1=" " ind2=" ">
    <subfield code="c">608633</subfield>
    <subfield code="d">608633</subfield>
  </datafield>
  <datafield tag="952" ind1=" " ind2=" ">
    <subfield code="0">0</subfield>
    <subfield code="1">0</subfield>
    <subfield code="2">ddc</subfield>
    <subfield code="4">0</subfield>
    <subfield code="7">0</subfield>
    <subfield code="a">SADA</subfield>
    <subfield code="b">SADA</subfield>
    <subfield code="d">2022-11-15</subfield>
    <subfield code="e">Golden Books</subfield>
    <subfield code="l">0</subfield>
    <subfield code="o">720.284 ROU 2022</subfield>
    <subfield code="p">SADA0002984</subfield>
    <subfield code="r">2024-03-11</subfield>
    <subfield code="v">31892.00</subfield>
    <subfield code="w">2024-03-11</subfield>
    <subfield code="y">BK</subfield>
  </datafield>
</record>
